000 00650nam a2200229 a 4500
005 20140310183443.0
008 080919s19uu xx 00 eng d
020 _a0749445343
050 _aHF 5415.32
_b.B67 2006
100 _aBosshart, David
245 _aCheap :
_bthe real cost of the global trend for bargains, discounts & consumer choice /
_cDavid Bosshart.
260 _aLondon :
_bKogan Page,
_c2006.
300 _a197 p. :
_c25 cm.
521 _aBSBA
650 _aMarketing.
650 _aConsumers preferences.
650 _aDiscount.
650 _aCost.
650 _aGlobalization.
942 _cBK
_2lcc
_kFOR
999 _c23197
_d23197